Catálogo público

La producción agropecuaría y forestal de la región de Cotija. Los Reyes, Michoacán / (Record no. 200598)

MARC details
000 -CABECERA
campo de control de longitud fija 00875nam a2200277Ia 4500
001 - NÚMERO DE CONTROL
campo de control Para_2022
003 - IDENTIFICADOR DEL NÚMERO DE CONTROL
campo de control CHAP
008 - DATOS DE LONGITUD FIJA--INFORMACIÓN GENERAL
campo de control de longitud fija 220125s1996 xx 000 0 und d
010 ## - NÚMERO DE CONTROL DE LA BIBLIOTECA DEL CONGRESO
Número de control de LC 200598
040 ## - FUENTE DE LA CATALOGACIÓN
Centro/agencia transcriptor CHAP
082 ## - NÚMERO DE LA CLASIFICACIÓN DECIMAL DEWEY
Número de clasificación PA 630 A5
100 ## - ENTRADA PRINCIPAL--NOMBRE DE PERSONA
Nombre de persona Andrés Agustín, Jorge
9 (RLIN) 5718
245 ## - MENCIÓN DE TÍTULO
Título La producción agropecuaría y forestal de la región de Cotija. Los Reyes, Michoacán /
Mención de responsabilidad, etc. por Jorge Andrés Agustín...[y otros]
260 ## - PUBLICACIÓN, DISTRIBUCIÓN, ETC.
Lugar de publicación, distribución, etc. Chapingo, Méx.; Morelia, Mich. :
Nombre del editor, distribuidor, etc. UACh; CRUCO
300 ## - DESCRIPCIÓN FÍSICA
Extensión 223 p.
650 ## - PUNTO DE ACCESO ADICIONAL DE MATERIA--TÉRMINO DE MATERIA
Término de materia o nombre geográfico como elemento de entrada Cultivos
Subdivisión general rendimientos
-- Los Reyes, Michoacán
9 (RLIN) 165462
650 ## - PUNTO DE ACCESO ADICIONAL DE MATERIA--TÉRMINO DE MATERIA
Término de materia o nombre geográfico como elemento de entrada Forestación
Subdivisión general Los Reyes, Michoacán
9 (RLIN) 165463
710 ## - PUNTO DE ACCESO ADICIONAL--NOMBRE DE ENTIDAD CORPORATIVA
Nombre de entidad corporativa o nombre de jurisdicción como elemento de entrada UACh. CRUCO
9 (RLIN) 165464
901 ## - ELEMENTOS DE DATOS A LOCAL LDA (RLIN)
a PA 630 A5
902 ## - ELEMENTOS DE DATOS B LOCAL, LDB (RLIN)
a A
905 ## - ELEMENTOS DE DATOS E LOCAL, LDE (RLIN)
a 0000001996 a 0000000000 00
910 ## - DATOS DE OPCIÓN DEL USUARIO (OCLC)
Datos de opción del usuario 1996
942 ## - ELEMENTOS DE PUNTO DE ACCESO ADICIONAL (KOHA)
Tipo de ítem Koha Parasitologia_
942 ## - ELEMENTOS DE PUNTO DE ACCESO ADICIONAL (KOHA)
Tipo de ítem Koha Parasitologia_
-- 1
Holdings
Estado de retiro Estado de pérdida Fuente del sistema de clasificación o colocación Estado dañado Restricciones de uso No para préstamo Código de colección Localización permanente Ubicación/localización actual Fecha de adquisición Número de inventario Total de préstamos Signatura topográfica completa Código de barras Fecha visto por última vez Número de copia Precio válido a partir de Tipo de ítem Koha Nota pública
    Dewey Decimal Classification   Préstamo 3 días   General Parasitologia Agricola Parasitologia Agricola 27/10/2005 (PA_7731) (No. UACh C/E)   PA 630 A5 4102001306 25/01/2022 Ej.1 25/01/2022 Libro 3